000 01185nam a2200217Ia 4500
999 _c38030
_d38030
001 4016
003 GE_BSU
005 20190826170845.0
008 181216s1985||||ge |||||||||||||| ||geo||
040 _cGE_BSU
041 _ageo
080 _a34(479.22)(091) ქ–27
245 _aქართული სამართლის ძეგლები :
_bტ. 8 : სასამართლო არზა-ოქმები და კერძო-სამართლებრივი აქტები /
_cტექსტი გამოსაც. მოამზადა და შენიშვნ. დაურთო ი. დოლიძემ ; შემდგ. დ. მეგრელიძე
264 _aთბ.:
_bმეცნიერება,
_c1985.
300 _a1124 გვ.;
_b 22 სმ.
653 _a ქართული სამართლის ძეგლები
700 _aდოლიძე, ი.
_eტექსტის ავტორი
_93777
700 _aმეგრელიძე, დ.
_eშემდგენელი
_93786
710 _a საქ. სსრ მეცნ. აკადემია.
_93787
942 _cBK
_2udc